Human resource development (Record no. 169417)

MARC details
000 -LEADER
fixed length control field 00470nam a2200169Ia 4500
008 - FIXED-LENGTH DATA ELEMENTS--GENERAL INFORMATION
fixed length control field 231217s9999 xx 000 0 und d
041 ## - LANGUAGE CODE
Language code of text/sound track or separate title English
082 ## - DEWEY DECIMAL CLASSIFICATION NUMBER
Classification number 658.3 DES;1 R
100 ## - MAIN ENTRY--PERSONAL NAME
Personal name Desimane, Ramdy L Werner, Jon M Harris, David M
245 #0 - TITLE STATEMENT
Title Human resource development
250 ## - EDITION STATEMENT
Edition statement 3rd ed.
260 ## - PUBLICATION, DISTRIBUTION, ETC.
Date of publication, distribution, etc. 2002
Name of publisher, distributor, etc. Harcourt Brace College
300 ## - PHYSICAL DESCRIPTION
Extent xxiii+712
500 ## - GENERAL NOTE
General note Content page available
650 ## - SUBJECT ADDED ENTRY--TOPICAL TERM
Topical term or geographic name entry element Human,resource,development
942 ## - ADDED ENTRY ELEMENTS (KOHA)
Koha item type Books
Holdings
Date last seen Total checkouts Full call number Accession number Uniform resource identifier Cost, total (INR) price Price effective from Category Lost status Damaged status Department Withdrawn status Home library Current library Shelving location Entry date Vendor Cost, normal purchase price Grants Billnumber Billdate Currency symbol Conversion rate Discount Old discount
26/01/2024   658.3 DES;1 R 22961 digital/contents/22961.pdf 863.94 26/01/2024 Books     Central Library   Central Library Central Library Central Library 23/10/2003 Sai Books 21.00 MBA 168 19/04/2005 USD 48.4 3.15 15

© For any Suggestions or Query, please contact the library staff @ librarian@pes.edu or Phone: +9180 2672 1983/ 2108.